Countries That Have Won the World Cup - Sudden Death - Statistics

General Stats
  • This quiz has been taken 28 times
  • The average score is 6 of 8
Answers on the Grid
Answers color-coded by a green-red scale on the quiz's grid according to % correct below.
Brazil
Netherlands
Uruguay
Germany
Hungary
USA
England
South Africa
France
Portugal
Italy
Greece
Russia
Mexico
Argentina
Poland
Egypt
Japan
South Korea
Spain
 
Answer Stats
Answer % Correct
Brazil
87%
Germany
80%
Italy
73%
Argentina
67%
England
67%
France
67%
Spain
67%
Uruguay
60%
No matching quizzes found
Score Distribution
Percent of People with Each Score
Percentile by Number Answered
Your Score History
You have not taken this quiz